| 000 | 00549nam a2200181Ia 4500 | ||
|---|---|---|---|
| 003 | GCL | ||
| 008 | 140319s9999 xx 000 0 ara d | ||
| 040 |
_aGCL / _cGCL |
||
| 082 | 0 | 4 |
_aط _b813 _bوح |
| 100 | 1 | _aوكالة المطبوعات | |
| 245 | 1 | 0 |
_aحديقة الحيوانات / _cوكالة المطبوعات |
| 260 |
_aالكويت : _bوكالة المطبوعات ، _c1996 |
||
| 300 |
_a: _bايض ؛ _c24 سم |
||
| 650 | 0 | 4 | _aالاطفال |
| 650 | 0 | 4 | _aقصص الاطفال |
| 650 | 0 | 4 | _aادب الاطفال |
| 942 |
_2ddc _cBK |
||
| 999 |
_c9924 _d9924 |
||